| 000 | 01169nam a2200217Ia 4500 | ||
|---|---|---|---|
| 003 | Ost | ||
| 005 | 20260507075103.0 | ||
| 008 | 260507s9999||||xx |||||||||||||| ||und|| | ||
| 040 | _cfsecg | ||
| 041 | _aara | ||
| 082 | _a330.1543 | ||
| 100 |
_aالليثي، محمد على _eمؤلف |
||
| 245 | 0 |
_aأصول الاقتصاد الرياضي / _c محمد على الليثي |
|
| 260 |
_aالاسكندرية: _bالدار الجامعية, _c2004 |
||
| 300 |
_a558 صفحة؛ _bإيضاحات ؛ _c24 سم |
||
| 504 | _aببلوغرافيا:ص.555 | ||
| 520 | _aاستخدام المنطق الرياضي في الاقتصاد-المصفوفات والمعادلات الخطية-التفاضل والمعادلات التفاضلية والفرقية-أساليب المثلية وبحوث العمليات-التحليل الإقتصادي الرياضي-نظرية سلوك المستهلك-نظرية المشر وع-توازن السوق-إقتصاديات الرفاهية-تحليل المدخلات والمخرجات | ||
| 653 | _aالاقتصاد الرياضي | ||
| 700 |
_aلطفي، لويز سيفين _eمؤلف ثانوي |
||
| 942 | _cكتاب | ||
| 999 |
_c42811 _d42811 |
||